00373nam a2200085Ia 4500008004100000041000800041100001300049245019200062260003300254241105s9999 xx 000 0 und d aeng aPendse S aStudy Of Light Engineering Industry In General Analysis Of The Design Requirements For Manufacturing Appliaces And A Design Proposal Of Home Appliance Industry In Pune Metropolitan Region bBNCA M Arch EA, Mumbaic1978